000 00335nam a2200133Ia 4500
008 220120s9999||||xx |||||||||||||| ||und||
020 _a8172241895
082 _a621.395 MAN
100 _aMano, M Morris
245 0 _aDigital Logic and Computer Design
260 _aPearson
_bMumbai
300 _aviii;223
_b325
650 _aMECHANICAL
999 _c132596
_d132596